[Event "Czerniak Memorial 13th"]
[Site "Tel Aviv"]
[Date "1997.??.??"]
[Round "1"]
[White "Zifroni, Dov"]
[Black "Avrukh, Boris"]
[Result "0-1"]
[WhiteElo "2490"]
[BlackElo "2520"]
[Annotator "Har Zvi,R"]
[PlyCount "69"]
[EventDate "1997.04.04"]
[EventType "tourn"]
[EventRounds "11"]
[EventCountry "ISR"]
[EventCategory "10"]
[SourceTitle "CBM 059"]
[Source "ChessBase"]
[SourceDate "1997.08.01"]
[SourceVersion "1"]
[SourceVersionDate "1997.08.01"]
[SourceQuality "1"]

1. e4 c5 2. c3 d5 3. exd5 Qxd5 4. Nf3 Nf6 5. d4 Bg4 6. Be2 e6 7. h3 (7. Na3)
7... Bh5 8. Na3 (8. c4 Qd8 9. Nc3 (9. Qb3 Qc8 10. d5 exd5 11. cxd5 Bd6 12. Qe3+
Kf8 13. Nc3 Nbd7 14. O-O a6 $14 {Blocker,C-Yermolinsky,A Springfield 1996 66/
111 [Yermolinsky,A]}) 9... cxd4 10. Nxd4 Bxe2 11. Qa4+ Nbd7 12. Ndxe2 Be7 13.
O-O O-O 14. Rd1 $6 (14. Qc2 $142 {with b3}) 14... Qc8 $1 {[%csl Rc4]} 15. Be3
Nb6 16. Bxb6 axb6 17. Qb3 Qc7 $15 {Rozentalis,E-Kramnik,V Duetschland 1995 66/
110 [Rozentalis.,E]}) (8. Be3 cxd4 9. cxd4 Nc6 10. Nc3 Qd6 (10... Bb4 $5) 11.
g4 Bg6 12. Ne5 Be7 13. O-O O-O 14. Bf4 Qb4 (14... Qd8 15. Bf3 Rc8 16. Nxg6 hxg6
17. Be3 $14 {Adams,M-Topalov,V Las Palmas 1994 60/(153) 1994}) 15. a3 Qxb2 16.
Na4 Qc2 17. Nxg6 Qxg6 18. Bd3 Ne4 19. f3 Qf6 20. fxe4 Qxd4+ $44 {Waitzkin,
J-Nunn,J San Francisco 1995 63/122}) 8... a6 (8... Nc6 9. Be3 cxd4 10. Nb5
O-O-O $1 (10... Rc8 11. Nbxd4 Nxd4 12. Bxd4 a6 13. Qa4+ Qd7 14. Qb3 Qd5 15. O-O
Qxb3 16. axb3 $14 {Yermolinsky,A-Loginov,V URS-FL Sverdlovsk 1987}) 11. Nbxd4 (
11. cxd4 Bxf3 $1 12. gxf3 Bb4+) 11... Bc5 12. O-O e5 $13 {Mufic,G-Stohl,I
Hrvatska 1995 64/142 [Stohl,I]}) 9. c4 (9. O-O cxd4 10. cxd4 Nc6 11. b3 Rd8 12.
Bb2 Bb4 13. Nc4 O-O 14. a3 Bd6 15. g4 Bg6 $15 {/-/+ Vlassov,N-Shipov,S Moscow2
1994}) 9... Qd8 10. Qb3 Nc6 (10... cxd4 $5 11. Qxb7 Nbd7 $13) 11. dxc5 (11.
Qxb7 $4 Na5 $19 {[%csl Rb7]}) 11... Bxc5 12. O-O O-O {it is quite clear that
black has gone out of the opening without any problems,and probably he is
slightly better,thanks to white bad "a3" knight} 13. Be3 (13. Rd1 Qc7 {[%csl
Rc4]}) 13... Na5 14. Qc3 Ne4 15. Qe5 Bg6 {another possible move was 15...Bxe3
which does not seem bad at all,giving white a bad pawn structure} (15... Bxe3
16. fxe3 (16. Qxe4 Bc5 $15 {/-/+}) (16. Qxh5 $4 Ng3 17. Qe5 Bf4 $1 $19) 16...
Bg6 $15) 16. Rfd1 (16. Bxc5 Nc6) 16... Qb6 17. Bxc5 Nxc5 18. Qe3 Nc6 {[%csl
Ra2,Ra3] white's problem is the bad "a3" knight and the a2 pawn which is some
variation becomes very weak,and in the end white indeed lost him} 19. Rd2 (19.
b3 Rfd8 $15) 19... Rac8 20. b3 (20. Rad1 Nb4 21. Rd6 (21. Ne5 Nxa2 22. Rd6 Qb4
(22... Qxb2 $4 23. R6d2 {[%csl Ra2]})) 21... Rc6 22. Rxc6 bxc6) 20... Qa5 21.
Nc2 (21. Nb1 $5 Nb4 (21... Ne4 22. Rd1 Rfd8 23. Rc1 $15) 22. Ne1 b5 $36) 21...
Ne4 22. Rd7 (22. Rdd1 Nxf2 23. Kxf2 Bxc2) 22... Rfd8 23. Rxd8+ (23. Rxb7 Nd6
$19) 23... Rxd8 {[%cal Gd8d1]} 24. Nh4 (24. Bd3 $5 Ng5 25. Qxg5 (25. Bxg6 Nxf3+
26. Qxf3 hxg6 {not so far a way from the game,white's queen is now on f3 not
e2 as in the game,this might br better for white since black will not have Rd2
with a tempi threatening the queen}) 25... Qxg5 26. Nxg5 Rxd3 $15) 24... Nc3 (
24... Qd2 $5 {interesting move,which leads to some complications but black
really do not need this}) 25. Nxg6 Nxe2+ 26. Qxe2 hxg6 27. Ne3 $2 {just losing
a pawn} (27. Qe3 Rd2 28. Rc1 Qd8 $36 {[%cal Gd8d1,Ga2h2]}) 27... Rd2 28. Qe1
Rxa2 29. Qxa5 Rxa5 30. Rb1 (30. Rxa5 Nxa5 31. b4 Nc6 32. Nc2 Kf8 $17) 30... Ra2
31. h4 Kf8 32. b4 Nd4 33. Kf1 Nc2 34. b5 $2 (34. Nxc2 {the only move since
after a night move to d1 or g4 black playes Ra4 winning another pawn} Rxc2 35.
c5 Ke7 $17 {/-+}) 34... axb5 35. Rxb5 $4 {of course time trouble,white
resigned without waiting for Ra1 followed by Nd4} (35. cxb5 Nxe3+ 36. fxe3 Ke7
$19 {[%csl Rb5,Re3,Rg2,Rh4]}) 0-1

[Event "RUS-Cup6"]
[Site "Krasnodar"]
[Date "1997.??.??"]
[Round "8"]
[White "Daniliuk, Sergey"]
[Black "Yakovich, Yuri"]
[Result "0-1"]
[WhiteElo "2410"]
[BlackElo "2575"]
[Annotator "Har Zvi,R"]
[PlyCount "72"]
[EventDate "1997.03.11"]
[EventType "swiss"]
[EventRounds "9"]
[EventCountry "RUS"]
[SourceTitle "EXT 2000"]
[Source "ChessBase"]
[SourceDate "1999.11.16"]
[SourceVersion "1"]
[SourceVersionDate "1999.11.16"]
[SourceQuality "1"]

1. e4 c5 2. c3 Nf6 3. e5 Nd5 4. Nf3 e6 5. d4 cxd4 6. cxd4 d6 7. Bc4 Nb6 8. Bd3
Nc6 9. O-O (9. a3 dxe5 10. dxe5 Nd7 (10... Qc7 11. Bf4 Nd5 12. Bg3 Bd7 13. Nbd2
Be7 14. O-O O-O 15. Qb1 h6 16. Qe1 $16 {Kharlov,A-Maric,A Biel 1992}) 11. Bf4
Be7 (11... Nc5 12. Bc2 Qxd1+ 13. Kxd1 Be7 14. Nbd2 O-O 15. b4 Nd7 16. Ne4 Rd8
17. Ke2 Nb6 $14 {/= Sermek,D-Banas,I EUcup Luxembourg 1993}) 12. Qe2 Nc5 13.
Bc2 Nd4 14. Nxd4 Qxd4 15. Bd2 Qxb2 $17 {Blatny,P-Kurtenkov,A Trnava 1986}) (9.
Bg5 Be7 10. Bxe7 Qxe7 11. Nc3 dxe5 12. dxe5 O-O 13. O-O Nd7 14. Qe2 Nc5 15. Bb1
Rd8 $13 {Smagin,S-Vaulin,A RUS-ch m3-4 1997 CBM 59}) (9. Nc3 dxe5 10. dxe5 Nb4
11. Bb5+ Bd7 12. Bg5 Be7 13. Bxe7 Qxe7 14. O-O Bxb5 15. Nxb5 O-O 16. Qe2 Rfd8
17. Nd6 Nc6 18. Rfd1 Rd7 19. Ne4 Rad8 20. Rxd7 {1/2-1/2 Mukhametov,
E-Nevostrujev,V RUS-chT Kazan 1995} Rxd7) 9... Nb4 10. Bb5+ (10. Bg5 Be7 11.
Bxe7 Qxe7 12. Be4 (12. exd6 Qxd6 13. Be4 f5 14. Bd3 O-O 15. Nc3 {Godena,
M-Kaenel,H Bled op 1994}) 12... d5 13. Bd3 Nxd3 14. Qxd3 Bd7 15. Nc3 O-O 16.
Rfc1 Rfc8 $11 {Smagin,S-Rublevsky,S RUS-chT Kazan 1995}) 10... Bd7 11. Bg5 (11.
Nc3 Be7 12. Qb3 Bxb5 13. Nxb5 Nc6 14. a4 O-O 15. a5 Nd5 16. exd6 Bxd6 17. Nxd6
Qxd6 18. Qxb7 a6 19. Qb3 Rab8 $44 {Daniliuk,S-Sherbakov,R RUS-cup 1997 CBM 59})
11... Be7 12. Bxe7 Qxe7 13. Nc3 O-O 14. Qb3 dxe5 15. dxe5 Rfd8 (15... Bc6) 16.
Rfd1 (16. a3) 16... Bc6 17. Bxc6 Nxc6 18. Ne4 Rd5 19. Nc3 (19. Rxd5 exd5 20.
Nc3 Rd8 $15 {/=} (20... Nxe5 21. Nxd5 Nxd5 22. Qxd5 $11)) 19... Rc5 {[%csl Re5]
} (19... Ra5) 20. Na4 $2 {an unexplained mistake,simply gettinga much worse
position,white wants to make a draw [that's clear after his 19.Nc3 ] so he
should have played here 20.Ne4 with good chances of achiving his aspiration} (
20. Ne4 Ra5 (20... Rd5 21. Nc3 $11) 21. Qc3 Nd7 {this seems to be white's
problem,but really it is not} 22. Nd4 $1 Ra6 (22... Ndxe5 23. f4) 23. f4 {
with a slight advantage for white}) (20. Re1 Rd8) 20... Nxa4 21. Qxa4 Qc7 $1 {
[%csl Re5]} (21... Nxe5 22. Nxe5 Rxe5 23. Rd7) 22. b4 b5 $1 (22... Rc4 23. a3
Nxe5 24. Nxe5 Qxe5 25. Qxa7) 23. Qa3 (23. Qb3 Rc4) 23... Rc4 24. Rac1 Rd8 $1 (
24... Nxe5 25. Nxe5 Rxc1 (25... Qxe5 26. Rxc4 bxc4 27. Qxa7) 26. Rxc1 Qxe5 27.
Qxa7) 25. h3 $2 (25. Rxd8+ Qxd8) 25... Rxd1+ 26. Rxd1 h6 {[%csl Rb4,Re5]} (
26... Rxb4 27. Rc1 Rc4 28. Rxc4 bxc4 29. Qc5) (26... Nxb4 27. Qxa7) 27. Qa6
Nxe5 (27... Rxb4 28. Rc1) 28. Qxb5 (28. Nxe5 Qxe5 29. Qxa7 Rxb4 $17) 28...
Nxf3+ 29. gxf3 Qf4 30. Rd7 Rc1+ 31. Kg2 f5 32. Rxg7+ $2 (32. h4 $8 Qxh4 33.
Qb8+ Kh7 34. Qh2 (34. Qg3 $4 Qh1#) 34... Qc4 35. Rxa7 f4 $1 $19) 32... Kxg7 33.
Qd7+ Kf6 34. Qd8+ Kg6 35. Qe8+ Kg5 36. h4+ (36. Qd8+ Kh5 37. Qe8+ Kh4 38. Qd8+
Qg5+) 36... Kxh4 0-1

[Event "EU-chT (Men) 11th"]
[Site "Pula"]
[Date "1997.05.??"]
[Round "5.3"]
[White "Stevic, Hrvoje"]
[Black "Belotti, Bruno"]
[Result "0-1"]
[WhiteElo "2400"]
[BlackElo "2405"]
[Annotator "Har Zvi,R"]
[PlyCount "83"]
[EventDate "1997.05.05"]
[EventType "team-swiss"]
[EventRounds "9"]
[EventCountry "CRO"]
[SourceTitle "CBM 057 Extra"]
[Source "ChessBase"]
[SourceDate "1997.05.01"]
[SourceVersion "1"]
[SourceVersionDate "1997.05.01"]
[SourceQuality "1"]
[WhiteTeam "Croatia II"]
[BlackTeam "Italy"]
[WhiteTeamCountry "CRO"]
[BlackTeamCountry "ITA"]

1. e4 c5 2. c3 d5 3. exd5 Qxd5 4. d4 Nf6 5. Nf3 Nc6 6. Na3 Bg4 (6... a6 7. Nc4
Bg4 8. Ne3 $1 Qe4 $2 (8... Qd6 $14 {Luther,T}) 9. Qb3 {[%cal Gb3b7,Gb3f7]} Be6
10. d5 $3 (10. Qxb7 Ra7 11. Qb6 Nd7) 10... Bxd5 11. c4 Be6 12. Bd3 Qf4 13. Nd5
{and white won very quick Luther,T-Vogt,L DDR (ch) 1987 43/(178)}) 7. Bc4 {
the main line in the position is 7.Be2} (7. Be3 cxd4 (7... Bxf3 8. gxf3 cxd4 9.
Nb5 O-O-O $1 10. Nxd4 e5 11. Nxc6 Qxc6 12. Qb3 Kb8 13. Qb5 Qxb5 14. Bxb5 Nd5
15. Rd1 Be7 16. Ke2 $11 {Finkel,A-Lugovoi,A Budapest 1993}) 8. Nb5 O-O-O (8...
Rc8 9. Nbxd4 Nxd4 10. Qxd4 Bxf3 11. gxf3 Qxd4 12. Bxd4 a6 13. f4 $16 {[%csl
Gd4,Gf1] Vorotnikov,V-Gurevich,V USSR 1991 53/142 [Gurevich,V]}) 9. Nbxd4 e5
10. Nxc6 Qxc6 11. Qb3 Bxf3 12. gxf3 {transposes to Finkel,A-lugovoi,A}) 7...
Bxf3 (7... Qe4+ 8. Be3 cxd4 9. cxd4 e6 10. Nb5 Bb4+ 11. Kf1 O-O 12. a3 Be7 13.
Nc3 Bxf3 14. Qxf3 Qxf3 15. gxf3 Rfd8 $15 {Jakubiec,A-Kuczynski,R Pol-ch 1993})
8. gxf3 Qf5 {this position with the knight on d2 not on a3 is a well played
position which comes from the variation 1.e4 c5 2.c3 d5 3.exd5 Qxd5 4.d4 Nf6 5.
Nf3 Bg4 6.Nbd2 Nc6 7.Bc4 Bxf3 8.gxf3 Qf5...} 9. dxc5 Nd7 (9... Qxc5 10. Qb3 {
[%csl Rb7,Rf7]}) 10. Qd5 $6 (10. b4 Qe5+ (10... Nde5 11. Nb5 $1 Nxf3+ 12. Kf1
Rc8 13. h4 $13) 11. Kf1 Qxc3 12. Rb1 Nde5 13. Be2 $132) 10... Qxd5 11. Bxd5
Nxc5 12. Be3 (12. Ke2 $142 Rc8 $5 (12... e6 13. Bxc6+ bxc6 14. Nc4 $13) 13. f4
e6 14. Bg2 Be7 $13) 12... Ne5 (12... Nd3+ 13. Ke2 Nxb2 14. Nb5 Rc8 (14... Rd8
15. Rab1 e6 16. Bxc6+ (16. Rxb2 exd5 17. Nc7+ Kd7 18. Rxb7 Kc8) 16... bxc6 17.
Rxb2 $1 (17. Nxa7 Na4 $13) 17... cxb5 18. Rxb5 $14 {[%csl Ra7]}) 15. Rab1 Na4
16. Bb3 Nb6 17. Nxa7 Nxa7 18. Bxb6 $14 {/+/-}) 13. Bxc5 (13. Ke2 e6) 13... Nd3+
14. Ke2 Nxc5 15. Nb5 Rd8 $8 16. b4 (16. Rhd1 e6 $15) 16... e6 $8 17. Bc4 Na4
18. Bb3 Nb6 19. Nxa7 Bd6 $44 {[%csl Rc3,Rf2,Rf3,Rh2] /+/= the last moves were
quite forced and now we have reached an interesting position ,white is a pawn
up but a very weak pawns,while the opposite coloured bishops are in black's
favour since his bishop is much better than white one} 20. h3 $6 (20. Nb5 $142
Bf4 21. Rad1 Rxd1 22. Rxd1 Ke7 (22... Bxh2 $2 23. Nd6+ Bxd6 24. Rxd6 $16))
20... Be5 21. Nb5 Ke7 22. Rhd1 Nd7 $1 {the knight on b6 is not good on f6 it
will stand better} 23. a4 (23. Rd2 Nf6 24. Rad1 Nh5 25. Rxd8 Rxd8 26. Rxd8 Kxd8
{[%csl Rh3]}) 23... Nf6 24. a5 Nh5 25. Bc2 $6 {[%cal Gc2e4]} (25. Re1 $5 Nf4+
26. Kf1 Bf6 27. a6 bxa6 28. Rxa6 $132) 25... f5 {now black will have a
fantastic place for his king on f6} 26. a6 $6 (26. h4) 26... Nf4+ 27. Kf1 bxa6
28. Rxa6 Rxd1+ 29. Bxd1 Nxh3 $17 {[%csl Rf1] it is clear white has failed his
test keeping his extra pawn,indeed he managed to create 2 pass pawns on the
Queen's side but black has now a very strong initiative using the fact that
white's king is in a serious trouble + black "h" pawn may become very dangerous
} 30. c4 (30. Bb3 Nf4) 30... Rd8 31. Be2 Rd2 $19 32. Ra3 (32. c5 $2 Nf4 $19) (
32. Ke1 Rb2) 32... Rb2 33. Re3 Kf6 34. Bd3 Nf4 35. Ke1 $2 (35. Kg1 Nxd3 36.
Rxd3 Rxb4 37. Na3 Bb2 38. c5 Ra4) 35... Ng2+ 36. Kf1 Nxe3+ 37. fxe3 Rxb4 38.
Na7 Rb3 39. Be2 Rxe3 40. Kf2 g5 {this must be a text mistake,probably black
played Rc3 and then g5!!} 41. Nc6 Rc3 42. Nb4 0-1

[Event "RUS-Cup6"]
[Site "Krasnodar"]
[Date "1997.??.??"]
[Round "5"]
[White "Ponomariov, Ruslan"]
[Black "Petrushin, Alexander I"]
[Result "1-0"]
[WhiteElo "2565"]
[BlackElo "2415"]
[Annotator "Har Zvi,R"]
[PlyCount "81"]
[EventDate "1997.03.11"]
[EventType "swiss"]
[EventRounds "9"]
[EventCountry "RUS"]
[SourceTitle "EXT 2000"]
[Source "ChessBase"]
[SourceDate "1999.11.16"]
[SourceVersion "1"]
[SourceVersionDate "1999.11.16"]
[SourceQuality "1"]

1. e4 c5 2. c3 d5 3. exd5 Qxd5 4. d4 Nf6 5. Nf3 Bg4 6. Be2 e6 7. h3 Bh5 8. O-O
Nc6 9. a3 cxd4 10. cxd4 Be7 11. Nc3 Qd6 12. Be3 O-O 13. Qb3 Rac8 (13... Rfd8
14. Rfd1 Rab8 {recomended by Nunn in his game against Luts in informator 62
and indeed one yesr later Lutz himself played Rab8 and good a reasonable
position with black} (14... Nd5 15. Nxd5 Qxd5 16. Qxd5 (16. Qxb7 Rab8 (16...
Nxd4 $2 17. Qxe7 Nxe2+ 18. Kh2 Qxd1 19. Rxd1 Rxd1 20. Ne5 $16) 17. Qa6 Rxb2 $15
) 16... Rxd5 17. g4 Bg6 18. Bc4 Rdd8 19. Ne5 (19. d5 $2 Na5 20. Ba2 Be4) 19...
Be4 $15 {Bashkov,V-Schlosser,P EUcup 1992}) 15. Rac1 Nd5 16. Nxd5 exd5 17. Qb5
f6 18. b4 Re8 19. Rc3 Bd8 20. Qc5 Be7 21. Qxd6 {1/2-1/2 Sermek,D-Lutz,Ch Ptuj 
(zt) 1995}) 14. Rfd1 Rfd8 15. Rac1 Qb8 (15... Nd5 16. Nxd5 Qxd5 17. Qxb7 $2
Nxd4 $15 {Nunn,J}) 16. d5 $1 Nxd5 17. Nxd5 exd5 18. Rxd5 Bg6 (18... Rxd5 19.
Qxd5 Bg6 20. b4 $14) 19. Rb5 b6 (19... Rd7 20. Bc4 Bd6 (20... Bf6 $2 21. Be6 $1
fxe6 22. Qxe6+ Rf7 23. Rxc6 $16) 21. Bd5 $14) 20. Rd5 Na5 $146 (20... Bf6 $2
21. Ba6 $16 {Nunn,J-Lutz,Ch Duetschland 1994 62/142 [Nunn,J]}) (20... Qb7 21.
Rxd8+ Nxd8 (21... Rxd8 22. Qa4 $14) 22. Rxc8 Qxc8 23. Qa4 Nc6 24. Ba6 $14 {
Nunn,J}) 21. Rxd8+ Bxd8 (21... Rxd8 22. Qa4 $14) 22. Qb5 Rxc1+ (22... Bf6 23.
b4) 23. Bxc1 Bf6 24. Qd7 (24. b4 Qc8 25. Be3 Nc6 $14) 24... Nb3 (24... Nb7 25.
Bf4 Qa8 26. b4) 25. Bf4 Nc5 (25... Qa8) 26. Bxb8 Nxd7 27. Bxa7 Bxb2 28. Bb5 {
[%tqu "De","black played 28...Nc5 and after 29.a4 simply lost the 'b' pawn and
the game,there was one move which could have saved black find it and think
well,since at the begining it seems that there are 2 move...","","","d7f6","",
6]} Nc5 $4 (28... Bf5 29. g4 Be6 30. Ng5 Nc5 (30... Ne5 31. Nxe6 fxe6 32. a4
Bd4 33. Kg2 $18 {[%cal Ga4a5]} (33. a5 $4 bxa5 34. Bxd4 Nf3+)) (30... Nf6 31.
Nxe6 fxe6 32. a4 Nd5 33. Bc4 $18) 31. Nxe6 Nxe6 32. a4 Bd4 33. Bd7 (33. Bc4 b5
34. Bxd4 bxc4 35. Bc3 $16) 33... Nf4 34. Kf1 $16 {[%cal Ga4a5] /+-}) (28... Nf6
$1 {this is the only way,the knight will defend the b6 pawn from d5 where it
can go to c3 attacink the bishop on b5 and the pawn on a4 since after Nf6
white must play a4} 29. a4 Nd5 30. Bc4 Nc3 $11) 29. a4 Nb3 (29... Bc2 30. a5)
30. Bxb6 $18 Bc3 31. Kf1 Kf8 32. Ke2 Ke7 33. Ke3 Kd6 34. Nd4 Nc5 35. a5 Be4 36.
Bxc5+ Kxc5 37. Kxe4 Bxd4 38. a6 Kxb5 39. Kxd4 Kxa6 40. Kc5 f5 41. f4 1-0

[Event "Cannes Generations"]
[Site "Cannes"]
[Date "1998.??.??"]
[Round "8"]
[White "Ponomariov, Ruslan"]
[Black "Taimanov, Mark E"]
[Result "1-0"]
[WhiteElo "2580"]
[BlackElo "2490"]
[Annotator "Har Zvi,R"]
[PlyCount "105"]
[EventDate "1998.02.21"]
[EventType "schev"]
[EventRounds "8"]
[EventCountry "FRA"]
[SourceTitle "CBM 065"]
[Source "ChessBase"]
[SourceDate "1998.08.06"]
[SourceVersion "1"]
[SourceVersionDate "1998.08.06"]
[SourceQuality "1"]

1. e4 c5 2. c3 Nf6 3. e5 Nd5 4. Nf3 e6 5. Bc4 d6 6. d4 cxd4 7. cxd4 dxe5 8.
dxe5 Bb4+ 9. Nbd2 (9. Bd2 Be7 10. O-O Nc6 11. Qe2 Qb6 (11... O-O 12. Nc3 Nxc3
13. Bxc3 b6 14. Nd2 Bb7 15. Ne4 Nd4 16. Qg4 h5 17. Qxh5 Bxe4 18. Rad1 Bc5 19.
b4 Bg6 20. Qg4 Bf5 21. Qf4 Qc7 22. bxc5 bxc5 23. Bxd4 cxd4 24. Rxd4 $16 {
1-0 Wolff,P-Rotstein,A/Wijk op 1993/CBM 34 (60)}) 12. Nc3 Nxc3 13. bxc3 Bd7 14.
Bd3 Rd8 15. Rab1 Qc7 16. Rfe1 O-O 17. Ng5 $40 g6 18. Nxh7 $1 Nxe5 19. Bf4 Bd6
20. Nf6+ Kg7 21. Rxb7 $3 Nxd3 22. Qxd3 Qxb7 23. Bxd6 e5 24. Bxe5 Bf5 25. Ne8+ {
1-0 Janovsky,S-Krasenkow,M/Voskresensk 1992/CBM 31}) 9... Nb6 10. Bb3 (10. O-O
Nxc4 11. Qa4+ Nc6 12. Nxc4 Qd3 13. Nd6+ Bxd6 14. Rd1 Qa6 15. Qxa6 bxa6 16. exd6
e5 17. Be3 Bd7 18. Nd2 $16 {1-0 Svidler,P-Taimanov,M/St.Petersburg-ch 1995/CBM
47 (43)}) 10... Bd7 11. Qe2 (11. O-O Bb5 12. Re1 Nc6 13. a3 Ba5 14. Bc2 Bxd2
15. Bxd2 Bd3 16. Ng5 Nc4 17. Bf4 Nxb2 18. Qb1 Qd4 19. Be3 Qc3 20. Rc1 Nd4 21.
Bxd4 Qxd4 22. Nf3 {1-0 Markovic,M-Miladinovic,I/Heraklio op 1993/TD 93\09})
11... Nc6 12. O-O Qc7 13. Ne4 Na5 $6 (13... Nxe5 14. Bf4 Nxf3+ (14... f6 $2 15.
Nxf6+ gxf6 16. Nxe5 $18) 15. Qxf3 Qc6 (15... e5 $2 16. Bxf7+) (15... Qd8 16.
Bd6 $1 Ba5 (16... Bxd6 17. Nxd6+ Ke7 18. Qxf7+ (18. Nxf7 $18) 18... Kxd6 19.
Rfd1+ Kc5 (19... Kc7 20. Rac1+ Kb8 21. Qf4+) 20. Qh5+ Nd5 (20... g5 21. Rac1+
Kb4 22. Qg4+ Ka5 23. Rc5+ Ka6 24. Qb4) 21. Bxd5 Qe8 22. Qxe8 Raxe8 23. Bxb7)
17. Rfd1 {[%cal Gd6e5,Gf3g4,Gf3g3] with a winning initiative}) 16. Rac1 Qb5 17.
Qg3 Bf8 18. Nd6+ Bxd6 19. Bxd6 $36 {[%csl Re8] /+/-}) (13... O-O $5 14. Bd2 $14
(14. Bf4 $5 {[%csl Rg8][%cal Gb3c2,Gb1h7]})) 14. Bc2 Nd5 (14... Rc8 15. Bd3
Nac4 16. Bf4) (14... Nac4 $5) 15. a3 Be7 16. Bg5 $1 f6 (16... Bxg5 $2 17. Nd6+
Ke7 18. Nxg5 $16) (16... O-O 17. Bxe7 Nxe7 18. Rac1 $14 {[%cal Ge4d6] /+/-})
17. exf6 gxf6 18. Bh6 {[%csl Re8] black is forced to castle Queen's side,which
means white will have there strong initiative for no material sacrifise,it
means black is in trouble!} Nc6 (18... O-O-O 19. Rac1 Kb8 20. b4 Nc6 21. Ba4 {
transposes to the game}) (18... f5 19. Ng3 O-O-O 20. Rac1 Nc6 21. Rfd1 $36) 19.
Rac1 O-O-O 20. b4 a6 (20... f5 21. b5 $1 fxe4 22. Bxe4 Bxa3 23. Rc2 Bd6 (23...
Bb4 24. bxc6 Bxc6 25. Rfc1 $40 {[%cal Gf3d4]}) 24. Ra1 Kb8 25. bxc6 Bxc6 26.
Be3 a6 27. Nd4 $40) 21. Ba4 $16 {[%csl Ra6][%cal Ga4c6,Yf3d4,Gc1c8]} Kb8 (21...
e5 22. Rfd1 Nb6 23. Bb3 $36 {[%cal Ge4c5,Gh6g7]}) (21... Bf8 22. Bxf8 Rhxf8 23.
Nd4 $1 Nf4 24. Qc2 Rg8 25. g3 $16) 22. Bxc6 bxc6 $6 {after this move black
just loses a pawn and still does not free his position,22...Bxc6 was better
although white is still much better} (22... Bxc6 23. Nd4 Qc8 (23... Qb6 24.
Nxc6+ bxc6 25. Nc5 Bxc5 26. bxc5 $16) 24. Rc4 $1 {[%cal Gf1c1]} Qd7 (24... Nb6
25. Nxc6+ bxc6 26. Rc2 {[%cal Gf1c1]}) 25. Nxc6+ bxc6 26. Rfc1 Rc8 27. Nc5 Bxc5
28. Rxc5 Kb7 29. a4 $40) 23. Qxa6 Qa7 24. Qc4 (24. Qxa7+ Kxa7 25. Nd4 $16)
24... Rhg8 25. Nd4 Rg4 (25... Rg6 26. Be3 $1 (26. Bd2 e5 {and black may have
some play here} 27. Nxc6+ $2 Bxc6 28. Qxc6 f5 29. Qb5+ Rb6) 26... Nxe3 27. fxe3
$16) 26. Rfe1 Rc8 (26... f5 27. Nc5 Bxc5 28. bxc5 $16) (26... Rdg8 27. g3 f5
28. Nc5 $16) 27. Qd3 e5 28. Nb3 Bf5 (28... Rcg8 29. g3 Qxa3 30. b5 $16) 29. Na5
$1 Qb6 (29... Qd7 30. Qc4 $16 {/+-}) 30. Qf3 Nf4 (30... Be6 $142 $16) 31. Ng3
$1 $18 {[%csl Rc6,Rf5,Rg4]} Bd7 32. Red1 $1 Nd5 33. Nxc6+ $6 {it seems as a
nice combination winning a pawn,but white had an immediate win,much better
than this} (33. Nf5 $1 Bxf5 34. Qxf5 Rgg8 (34... Rg6 35. Rxd5 Rxh6 36. Qe6 $18)
35. Qe6 $18) 33... Rxc6 34. Qxd5 Rxc1 35. Rxc1 Be6 36. Qf3 {the rest is really
no big problem,just be carfull not to lose something and go on win} Qb7 37. Qe2
Rd4 38. Be3 Rd5 39. Ne4 Qb5 40. Qc2 Qd7 41. Bc5 Bf5 42. f3 Bd8 43. a4 Bg6 44.
a5 f5 45. Nf2 Rd2 46. Qc3 e4 47. fxe4 fxe4 48. Be3 Rd5 49. a6 Bf5 50. Qc4 Qb5
51. a7+ Kb7 52. a8=Q+ Kxa8 53. Qa2+ 1-0